[Event "AUTO-INT-3955"]
[Site "http://www.queenalice.com/game.php?id=1867016"]
[Date "2025.12.13"]
[Round "1"]
[White "zmanomega"]
[Black "Quanah4"]
[Result "0-1"]
[WhiteElo "1611"]
[BlackElo "1713"]

1. e4 c5 2. Bc4 g6 3. d3 Bg7 4. Qf3 e6 5. g3 Nc6 6. c3 a6 7. Qg4 d5 8. Bb3 e5 9.
Qf3 f5 10. exf5 Bxf5 11. Bxd5 Nge7 12. c4 Nd4 13. Qd1 Nxd5 14. Nc3 Nxc3 15. bxc3
Nc6 16. d4 cxd4 17. g4 Be6 18. Qd3 Bxg4 19. h3 Bf5 20. Qd2 O-O 21. cxd4 Nxd4 22.
Kf1 Nc6 23. Qc3 e4 24. Qb3 Bxa1 25. c5+ Rf7 26. Kg2 Qe7 27. Be3 Bd4 28. f3 exf3+
29. Nxf3 Qxe3 30. Rf1 Qe2+ 0-1

[Event "AUTO-INT-3955"]
[Site "http://www.queenalice.com/game.php?id=1867017"]
[Date "2025.12.13"]
[Round "1"]
[White "Quanah4"]
[Black "zmanomega"]
[Result "0-1"]
[WhiteElo "1725"]
[BlackElo "1617"]

1. c4 e5 2. g3 Bc5 3. Bg2 c6 4. Nc3 Nf6 5. e3 d6 6. Nge2 a6 7. O-O Ng4 8. h3 Nf6
9. d4 exd4 10. exd4 Bb4 11. Re1 O-O 12. Bd2 Be6 13. b3 b5 14. cxb5 cxb5 15. Bxa8
Bxh3 16. Bg2 Bg4 17. Qc2 Qd7 18. a3 Ba5 19. b4 Bb6 20. Rac1 Bh3 21. Nf4 Bxg2 22.
Kxg2 Bxd4 23. Be3 Be5 24. Nh3 h6 25. Bf4 Bd4 26. Rcd1 Qc6+ 27. f3 Be5 28. Bxe5
dxe5 29. Rxe5 Nbd7 30. Ree1 Ng4 31. Nd5 Qxc2+ 0-1